00637pam a2200217 a 45000010008000000030005000080050017000130080041000300100017000710200035000880400018001230500021001410820016001621000019001782450047001972600047002443000038002915000008003295040051003376500031003883506297NUST20171109094427.0950605s1997 enkab b 001 0 eng  a 95030426  a0077091272 (pbk. : alk. paper) aDLCcDLCdDLC00aTD146b.K54 199700a628 KIE2201 aKiely, Gerard.10aEnvironmental engineering /cGerard Kiely. aLondon ;aNew York :bMcGraw-Hill,cc1997. axx, 979 p. :bill., map ;c24 cm. aP.B aIncludes bibliographical references and index. 0aEnvironmental engineering.